000 00769nam a2200277 i 4500
001 bg
100 1 _aJANKOWSKI, Bronisław
245 1 0 _aBazy danych :
_buczymy się na przykładach /
_cBronisław Jankowski, Andrzej Regmunt.
260 _aWarszawa :
_b"MIKOM",
_c2004.
300 _a282 s. :
_brys. ;
_c24 cm +
_eCD ROM.
504 _aIndeks.
650 9 _aBaza danych
650 9 _aSQL
650 9 _aAccess
650 9 _aASP
655 _aPodręczniki
700 1 _aREGMUNT, Andrzej
020 _a8372794375
040 _cBPK
041 0 _apol
080 _a004.652:004.42](07)
920 _a83-7279-437-5
942 _cKS
008 s pl f |000 0 pol
999 _c45513
_d45513
856 _uhttp://koha.tu.koszalin.pl/cgi-bin/koha/opac-detail.pl?biblionumber=45513
_yKatalog online BPK